Flags in the Style of Brazil - Statistics

General Stats
  • This quiz has been taken 131 times
    104 since last reset
  • The average score is 14 of 18
Answer Stats
Picture Answer % Correct
Brazil
100%
Portugal
97%
Kenya
88%
United States
88%
Germany
86%
Sri Lanka
85%
Mongolia
83%
Venezuela
80%
Mexico
72%
India
71%
Brunei
69%
Spain
69%
South Korea
68%
Philippines
66%
Azerbaijan
65%
Eswatini
65%
Ireland
65%
Ethiopia
62%
No matching quizzes found
Score Distribution
Percent of People with Each Score
Percentile by Number Answered
Your Score History
You have not taken this quiz since the last reset